000 01046cam a2200253 4500
001 J122935
008 030326n2002 000 0 eng u
035 _a(Sirsi) u122935
041 _aeng.
050 _a624.08
_c18
110 _aAssociation of Consulting Engineers
_91225
245 _aACE Sub-Consultancy Agreement 2002 for use with ACE Agreements A(1), A(2), B(1) and B(2)
260 _aLondon
_bACE
_c2002
300 _a19p.
_c31cm.
350 _a24
520 _aThis agreement is intended for use when the Consultant is appointed on the terms of the ACT Agreements A(1), A(2), B(1) and B(2). It should be used in conjunction with the guidance document - 'ACE Sub-Consultancy Agreement 2002 guidance' - a copy of which is included in the folder containing the agreement.
650 _aCIVIL ENGINEERING CONTRACTS
650 _aSTRUCTURAL ENGINEERING
650 _aCONSULTING ENGINEERS
650 _aDESIGN AND BUILD CONTRACTORS
650 _aSUBCONSULTANTS
690 _aBUILDING AND CONSTRUCTION-ENGINEERING
942 _n0
999 _c102961
_d102961